Punkty w skokach narciarskich #1 - Statystyki

Ogólne statystyki
  • Ten quiz został rozwiązany 329 razy
  • Średni wynik to 14 z 15
Statystyki odpowiedzi
Hint Odpowiedź % Poprawnych
1 100
100%
2 80
98%
3 60
97%
4 50
96%
6 40
95%
5 45
95%
7 36
89%
15 16
88%
13 20
88%
12 22
88%
11 24
88%
10 26
88%
8 32
88%
14 18
87%
9 29
87%
Nie znaleziono quizów pasujących do podanych kryteriów
Rozkład punktacji
Procent ludzi z każdym wynikiem
Percentyl według liczby udzielonych odpowiedzi
Twoja historia wyników
Nie rozwiązałeś tego quizu